1797 1849 1104 1443 1899 1816 1749 1908 1398 1881 1529 1363 1794 1883 1820 1589 1458 1024 1594 1009 1307 1380 1578 1094 1839 1624 1325 1467 1472 1646 1955 1908 1672 1976 1400 1759 1811 1763 1427 1366 1833 1633 1978 1276 1450 1742 1158 1818 1582 1096 1779 1689 1994 1979 1309 1687 1335 1300 1419 1762 1500 1273 1152 1488 1885 1715 1438 1253 1856 1853 1577 1307 1859 1223 1185 1147 1488 1343 1512 1374 1415 1059 1492 1285 1545 1513 1677 1032 1428 1814 1241 1298 1381 1369 1472 1289 1832 1740 1662 BCNSPRNW ULIB Ver.6.0+V

เปลี่ยนเป็นภาษาไทย

Change to English
 แสดงรายละเอียดบรรณานุกรม
  กลับหน้าหลัก

Brief Record : Get Marc (ISO 2709) : E-mail record : QR code < ปิดหน้าต่าง
LEADER : 00000nam 2200000uu 4500
001    13399114762
003     ULIB
008    120514s2554||||th 000 0 tha d
020    ^a9789744963529
050 04 ^aH62^bส824ส
100 0  ^aสุปัญญา ไชยชาญ
245 10 ^aสยบมารงานวิจัย /^cสุปัญญา ไชยชาญ
250    ^aพิมพ์ครั้งที่ 1
260    ^aกรุงเทพฯ :^bพี.เอ.ลีฟวิ่ง,^c2554
300    ^a368 หน้า
650  7 ^aวิจัย
945    ^p200^l0^i19043
995    ^aกัณชพร
999 ^a ใช้งานได้ทุกระบบ
รายการนี้ยังไม่มีแท็ก
คุณยังไม่ได้ล็อกอิน คุณสามารถมีกิจกรรมร่วมกับเว็บไซต์ได้ แต่ต้องล็อกอินก่อน ::
  ล็อกอิน

รายการสื่อสารสนเทศ

ลำดับที่ ประเภท เลขเรียก/บาร์โค้ด สถานที่ สถานะ
- ไม่พบข้อมูล -

รายการใกล้เคียง
    ผู้แต่ง [สุปัญญา ไชยชาญ]

    หัวเรื่อง [วิจัย]

BibComment


ยังไม่เคยถูกคอมเมนท์

คอมเมนท์ทรัพยากรรายการนี้
  คอมเมนท์: สยบมารงานวิจัย ..


 Copyright 2026. Bcnsprnw @Library